000 00662nam a2200241Ia 4500
003 OSt
005 20221007074239.0
006 a|||||r|||| 00| 0
007 ta
008 221006b |||||||| |||| 00| 0 eng d
024 _a13,811
037 _cTextual
040 _aFLL
_cFLL
_beng
041 _2eng
_aeng
082 _aWxC67, K7
100 _aShamasastry R. Au.
_9692808
245 0 _aArthasastra
260 _aMysore
_bMysore printing and publishing house Mysore
_c1967
300 _a494p
_ccm.
700 _a Fleet J.F. Au.
_9692809
942 _hWxC67, K7
_cTEXL
_2CC
999 _c1151672
_d1151672